| Tag |
First Indicator |
Second Indicator |
Subfields |
| LEADER |
00000cam a2200000 a 4500 |
| 001 |
in00000891730 |
| 005 |
20150923140850.0 |
| 007 |
hd afv---baca |
| 007 |
hz bfv---baaa |
| 008 |
840124s1679 miu a 00000 eng d |
| 035 |
|
|
|a (OCoLC)10333905
|
| 035 |
|
|
|9 AEL4695AM
|
| 037 |
|
|
|a CL0037000047
|b University Microfilms International
|
| 037 |
|
|
|b University Microfilms International, 300 N. Zeeb Rd., Ann Arbor, MI 48106
|
| 040 |
|
|
|a UMI
|c UMI
|d UtOrBLW
|
| 043 |
|
|
|a e-uk---
|
| 049 |
|
|
|a TXAI
|
| 090 |
|
|
|a KD370
|b .F88
|
| 099 |
|
|
|a film
|a B
|a 3609
|
| 245 |
0 |
2 |
|a A Full and true relation of the tryal and condemnation of twelve notorious highway-men, murderers, and clippers of money :
|b at the assizes holden for the county of Derby, this present August 1679 ...
|
| 264 |
|
1 |
|a [London?] :
|b [publisher not identified],
|c [1679?]
|
| 300 |
|
|
|a 4 pages
|
| 336 |
|
|
|a text
|b txt
|2 rdacontent
|
| 337 |
|
|
|a microform
|b h
|2 rdamedia
|
| 338 |
|
|
|a microfilm reel
|b hd
|2 rdacarrier
|
| 500 |
|
|
|a Caption title.
|
| 500 |
|
|
|a Reproduction of original in the Harvard University Library.
|
| 510 |
4 |
|
|a Wing
|c F2334.
|
| 533 |
|
|
|a Microfilm.
|b Ann Arbor, Mich. :
|c University Microfilms International,
|d 1983.
|e 1 microfilm reel ; 35 mm.
|f (Early English books, 1641-1700 ; 1384:51)
|
| 500 |
|
|
|a Microform.
|
| 650 |
|
0 |
|a Trials
|z England.
|
| 830 |
|
0 |
|a Early English books, 1641-1700 ;
|v 1384:51.
|
| 999 |
|
|
|a MARS
|
| 999 |
f |
f |
|s d63bfa12-d135-3949-8ab2-b1b1c21a8dc1
|i 8b3c6a1a-9ac2-3c6d-a317-1c31d6a724b1
|t 0
|
| 952 |
f |
f |
|p default
|a Texas A&M University
|b College Station
|c Sterling C. Evans Library
|d Evans: Microforms (3rd floor)
|t 0
|e film B 3609 1384:51
|h Other scheme
|i microform -- microfilm reel
|
| 998 |
f |
f |
|a film B 3609 1384:51
|t 0
|l Evans: Microforms (3rd floor)
|